Govt. of
Madhya Pradesh

Swami Shraddhanand Saraswati (Record no. 68136)

MARC details
000 -LEADER
fixed length control field 00258nam a22001097a 4500
082 ## - DEWEY DECIMAL CLASSIFICATION NUMBER
Classification number 920/AGG
100 ## - MAIN ENTRY--AUTHOR NAME
Personal name Aggarwal.Dr.Sangeeta
245 ## - TITLE STATEMENT
Title Swami Shraddhanand Saraswati
260 ## - PUBLICATION, DISTRIBUTION, ETC. (IMPRINT)
Place of publication Delhi
Name of publisher Academic Books
Year of publication 2022
650 ## - SUBJECT ADDED ENTRY--TOPICAL TERM
Topical Term Biography
942 ## - ADDED ENTRY ELEMENTS (KOHA)
Koha item type Books
Holdings
Withdrawn status Lost status Damaged status Not for loan Home library Current library Date acquired Cost, normal purchase price Full call number Accession Number Price effective from Koha item type
        MACL MACL 17/09/2025 995.00 920/AGG CRE040306 17/09/2025 Books